000 00521nam a22001937a 4500
003 LK-CoDNM
005 20241219104858.0
008 241219b |||||||| |||| 00| 0 eng d
040 _aLK-CoDNM
_dLK-CoDNM
_eLK-CoDNM
041 _aeng
080 _a2
_bD17
100 _aH.A.Baylis
245 _aA Synopsis Of The Families And Genera Of Nematoda
260 _aLondon
_bPrinted By Order Of The Trustes Of The British Museum
_c1926
300 _a277p. : 21 cm
650 _aScience
650 _a1926
942 _cBK
999 _c233573
_d233573